| 000 | 00801nam a2200229Ii 4500 | ||
|---|---|---|---|
| 003 | JO-AjNU | ||
| 008 | 230605s9999||||xx |||||||||||||| ||und|| | ||
| 017 | _a4071 | ||
| 020 | _a978-977-386-457-1 | ||
| 040 |
_aJO-AjNU _bara _erda _cJO-AjNU |
||
| 041 | _aara | ||
| 050 | 1 | 4 | _aJQ1825 2013 |
| 100 | 3 |
_aشبر، رافع خضر صالح, _eauthor _944563 |
|
| 245 | 0 | 0 | _aفصل السلطتين التنفيذية والتشريعية في النظام البرلماني |
| 250 | _a(د،ط) | ||
| 264 | 3 | 1 | _aالقاهرة:دار الكتب القانونية،2013 |
| 300 | _a215ص | ||
| 336 |
_atext _btxt _2rdacontent |
||
| 337 |
_aunmediated _bn _2rdamedia |
||
| 338 |
_avolume _bnc _2rdacarrier |
||
| 650 | 4 |
_aالسلطتين التنفيذية والتشريعية /البرلمان _944564 |
|
| 999 |
_aA19251 _c22819 _d22819 |
||